00494nam a2200133Ia 450000500170000000800410001702000150005808200130007324500720008626000450015830000230020350001140022670000200034020250108011654.0240331s9999 xx 000 0 und d a0195630017 bSUBa950 0aSubaltern studies VI :bwritings on south Asian history and society aNew DelhibOxford University Pressc1992 aX, 335 p ., ( C 2) aThe series will continue to be published, as usual, under the editorship of the Subaltern Studies collective. aGuha, R. eedt